[Event "Ste Foy Petrossian"]
[Site "Ste Foy CAN"]
[Date "2017.04.29"]
[Round "4"]
[White "Laflamme, Simon"]
[Black "Sauve, Richard"]
[Result "1/2-1/2"]
[WhiteElo "1864"]
[BlackElo "1875"]
[WhiteFideId "-1"]
[WhiteFideId "-1"]
[PlyCount "73"]
[GameId "2160767908477854"]
[EventDate "2017.04.01"]
[EventType "swiss"]
[EventRounds "5"]
[EventCountry "CAN"]
[SourceTitle "EXT 2022"]
[Source "ChessBase"]
[SourceDate "2021.10.06"]
[SourceVersion "1"]
[SourceVersionDate "2021.10.06"]
[SourceQuality "1"]

1. e4 e6 2. d4 d5 3. Bd3 Nf6 4. e5 Nfd7 5. Nd2 c5 6. c3 Nc6 7. Ne2 cxd4 8. cxd4 f6 9. Nf4 Nxd4 10. Qh5+ Ke7 11. Ng6+ hxg6 12. exf6+ Nxf6 13. Qxh8 Kf7 14. O-O e5 15. Nf3 Nxf3+ 16. gxf3 Bf5 17. Bxf5 gxf5 18. Bg5 Bc5 19. Qh4 Qd7 20. Rac1 Bb6 21. Rfe1 Re8 22. Bxf6 gxf6 23. Qh7+ Ke6 24. Qg6 Re7 25. Kh1 Bxf2 26. Re2 Bb6 27. Rce1 Bc7 28. Qg1 d4 29. Rd1 Kf7 30. Rg2 Qd5 31. Rg7+ Ke6 32. Rxe7+ Kxe7 33. Qg7+ Qf7 34. Qh8 Qd5 35. Qg7+ Qf7 36. Qh8 Qd5 37. Qg7+ 1/2-1/2

[Event "Ste Foy Petrossian"]
[Site "Ste Foy CAN"]
[Date "2017.04.29"]
[Round "4"]
[White "Oliver, Vance"]
[Black "Chabot, Michelin"]
[Result "1-0"]
[WhiteElo "1548"]
[BlackElo "1722"]
[WhiteFideId "-1"]
[WhiteFideId "-1"]
[PlyCount "59"]
[GameId "2160767908477855"]
[EventDate "2017.04.01"]
[EventType "swiss"]
[EventRounds "5"]
[EventCountry "CAN"]
[SourceTitle "EXT 2022"]
[Source "ChessBase"]
[SourceDate "2021.10.06"]
[SourceVersion "1"]
[SourceVersionDate "2021.10.06"]
[SourceQuality "1"]

1. Nf3 d5 2. g3 b6 3. Bg2 Bb7 4. d3 Nc6 5. O-O e5 6. Nc3 Nge7 7. e4 d4 8. Nd5 Nxd5 9. exd5 Qxd5 10. Nxe5 Qd6 11. Bf4 Qf6 12. Ng4 Qg6 13. Ne5 Nxe5 14. Bxb7 Rb8 15. Be4 Qf6 16. Bxe5 Qxe5 17. Bc6+ Kd8 18. Re1 Bd6 19. Rxe5 Bxe5 20. Qg4 Ke7 21. f4 Bd6 22. Re1+ Kf8 23. Qd7 g6 24. Bd5 Kg7 25. Qxf7+ Kh6 26. g4 Rbf8 27. g5+ Kh5 28. Bf3+ Kh4 29. Qg7 Bxf4 30. Qh6# 1-0

[Event "Ste Foy Petrossian"]
[Site "Ste Foy CAN"]
[Date "2017.04.29"]
[Round "4"]
[White "Poliquin, Yvone"]
[Black "Labrecque, Rejean"]
[Result "1-0"]
[WhiteElo "2004"]
[BlackElo "1587"]
[WhiteFideId "-1"]
[WhiteFideId "-1"]
[PlyCount "93"]
[GameId "2160767908477856"]
[EventDate "2017.04.01"]
[EventType "swiss"]
[EventRounds "5"]
[EventCountry "CAN"]
[SourceTitle "EXT 2022"]
[Source "ChessBase"]
[SourceDate "2021.10.06"]
[SourceVersion "1"]
[SourceVersionDate "2021.10.06"]
[SourceQuality "1"]

1. e4 c5 2. Nf3 e6 3. d4 cxd4 4. Nxd4 Nc6 5. Nc3 a6 6. g3 Nge7 7. Bg2 Nxd4 8. Qxd4 Nc6 9. Qd3 Bc5 10. O-O O-O 11. Kh1 b5 12. e5 Nxe5 13. Qe2 Nc6 14. Ne4 Be7 15. f4 d5 16. Nf2 Bc5 17. Nd3 Bb6 18. Be3 Bxe3 19. Qxe3 Qc7 20. f5 Ne7 21. f6 Ng6 22. h4 gxf6 23. Rxf6 Kh8 24. Raf1 Ra7 25. Qh6 Rg8 26. h5 Ne5 27. Nxe5 Qxe5 28. Rxf7 Rxf7 29. Rxf7 Rg7 30. Rf1 Rg8 31. Rf7 Rg7 32. Rxg7 Qxg7 33. Qe3 d4 34. Qf3 h6 35. Qa8 Qc7 36. Qe4 Qg7 37. Kh2 Kg8 38. Bh3 Kf7 39. Qa8 Qf8 40. Qa7+ Qe7 41. Qxd4 Qc7 42. Qd3 Ke7 43. Qh7+ Kd6 44. Qxc7+ Kxc7 45. g4 Bb7 46. Bg2 Bc8 47. Be4 1-0

[Event "Ste Foy Petrossian"]
[Site "Ste Foy CAN"]
[Date "2017.05.06"]
[Round "5"]
[White "Chouinard, Etienne"]
[Black "Desbiens, Raphael"]
[Result "0-1"]
[WhiteElo "1859"]
[BlackElo "1631"]
[WhiteFideId "-1"]
[WhiteFideId "-1"]
[PlyCount "54"]
[GameId "2160767908477857"]
[EventDate "2017.04.01"]
[EventType "swiss"]
[EventRounds "5"]
[EventCountry "CAN"]
[SourceTitle "EXT 2022"]
[Source "ChessBase"]
[SourceDate "2021.10.06"]
[SourceVersion "1"]
[SourceVersionDate "2021.10.06"]
[SourceQuality "1"]

1. e4 e5 2. Nf3 Nc6 3. Bc4 Nf6 4. Ng5 d5 5. exd5 Nd4 6. c3 b5 7. cxd4 bxc4 8. dxe5 Nxd5 9. Nf3 Nb4 10. O-O Bf5 11. Na3 Bc5 12. b3 Bd4 13. Nxd4 Qxd4 14. Qf3 Nd5 15. Qxf5 Qxa1 16. e6 fxe6 17. Qxe6+ Ne7 18. Nb5 Rb8 19. Nxc7+ Kd8 20. Qd6+ Kc8 21. Qxe7 Rb7 22. Ba3 Qxa2 23. Bd6 cxb3 24. Qe6+ Kd8 25. Qe7+ Kc8 26. Rc1 b2 27. Rf1 b1=Q 0-1

[Event "Ste Foy Petrossian"]
[Site "Ste Foy CAN"]
[Date "2017.05.06"]
[Round "5"]
[White "Gaudreau, Eric"]
[Black "Laflamme, Simon"]
[Result "1/2-1/2"]
[WhiteElo "1719"]
[BlackElo "1864"]
[WhiteFideId "-1"]
[WhiteFideId "-1"]
[PlyCount "48"]
[GameId "2160767908477858"]
[EventDate "2017.04.01"]
[EventType "swiss"]
[EventRounds "5"]
[EventCountry "CAN"]
[SourceTitle "EXT 2022"]
[Source "ChessBase"]
[SourceDate "2021.10.06"]
[SourceVersion "1"]
[SourceVersionDate "2021.10.06"]
[SourceQuality "1"]

1. e4 c6 2. d4 d5 3. Nc3 dxe4 4. Nxe4 Bf5 5. Ng3 Bg6 6. Nf3 Nd7 7. h4 h6 8. Bd3 Bxd3 9. Qxd3 e6 10. Bd2 Ngf6 11. O-O-O Be7 12. c4 O-O 13. Bc3 Qc7 14. Kb1 Rfd8 15. Qe2 b5 16. b3 a5 17. Ne5 Nxe5 18. dxe5 Rxd1+ 19. Rxd1 Nd7 20. h5 bxc4 21. bxc4 Nc5 22. Qc2 a4 23. Ne4 Rb8+ 24. Ka1 Nxe4 1/2-1/2

[Event "Ste Foy Petrossian"]
[Site "Ste Foy CAN"]
[Date "2017.05.06"]
[Round "5"]
[White "Lessard, Claude"]
[Black "Sauve, Richard"]
[Result "1-0"]
[WhiteElo "2119"]
[BlackElo "1875"]
[WhiteFideId "-1"]
[WhiteFideId "-1"]
[PlyCount "39"]
[GameId "2160767908477859"]
[EventDate "2017.04.01"]
[EventType "swiss"]
[EventRounds "5"]
[EventCountry "CAN"]
[SourceTitle "EXT 2022"]
[Source "ChessBase"]
[SourceDate "2021.10.06"]
[SourceVersion "1"]
[SourceVersionDate "2021.10.06"]
[SourceQuality "1"]

1. d4 f5 2. e4 fxe4 3. f3 d5 4. fxe4 dxe4 5. Bc4 Nf6 6. Ne2 Nc6 7. c3 Bg4 8. O-O Qd7 9. h3 Bh5 10. Bf4 O-O-O 11. Na3 e5 12. dxe5 Qe8 13. Qb3 Nxe5 14. Nd4 Nxc4 15. Qxc4 Bd6 16. Bxd6 Rxd6 17. Nab5 Rd7 18. Nxa7+ Kb8 19. Ndc6+ bxc6 20. Nxc6+ 1-0

[Event "Ste Foy Petrossian"]
[Site "Ste Foy CAN"]
[Date "2017.05.06"]
[Round "5"]
[White "Sarra-Bournet, Marc"]
[Black "Oliver, Vance"]
[Result "1-0"]
[WhiteElo "1787"]
[BlackElo "1548"]
[WhiteFideId "-1"]
[WhiteFideId "-1"]
[PlyCount "73"]
[GameId "2160767908477860"]
[EventDate "2017.04.01"]
[EventType "swiss"]
[EventRounds "5"]
[EventCountry "CAN"]
[SourceTitle "EXT 2022"]
[Source "ChessBase"]
[SourceDate "2021.10.06"]
[SourceVersion "1"]
[SourceVersionDate "2021.10.06"]
[SourceQuality "1"]

1. e4 d6 2. d4 Nf6 3. Nc3 g6 4. f4 Bg7 5. Nf3 O-O 6. Be2 c5 7. O-O cxd4 8. Nxd4 Nc6 9. Be3 Bd7 10. Qd2 Ng4 11. Nxc6 bxc6 12. Bd4 e5 13. fxe5 dxe5 14. Bc5 Bh6 15. Qd3 Re8 16. Rad1 Qh4 17. h3 Bf4 18. Rxf4 exf4 19. Qxd7 Ne3 20. Bxe3 fxe3 21. Rf1 Re7 22. Qxc6 Rae8 23. Bc4 Kg7 24. Qd5 Rf8 25. Qd4+ f6 26. Qxe3 g5 27. Qd4 Qg3 28. Rf5 Qe1+ 29. Kh2 Qh4 30. g3 Qh6 31. Kg2 Qg6 32. Ra5 h5 33. Rxa7 Rxa7 34. Qxa7+ Kh6 35. Bd3 f5 36. exf5 Qd6 37. f6 1-0

[Event "Ste Foy Polgar"]
[Site "Ste Foy CAN"]
[Date "2017.05.13"]
[Round "1"]
[White "Doyon, Stephane"]
[Black "Chabot, Michelin"]
[Result "1-0"]
[WhiteElo "1825"]
[BlackElo "1674"]
[WhiteFideId "-1"]
[WhiteFideId "-1"]
[PlyCount "61"]
[GameId "2160767908411467"]
[EventDate "2017.05.13"]
[EventType "swiss"]
[EventRounds "5"]
[EventCountry "CAN"]
[SourceTitle "EXT 2022"]
[Source "ChessBase"]
[SourceDate "2021.10.06"]
[SourceVersion "1"]
[SourceVersionDate "2021.10.06"]
[SourceQuality "1"]

1. e4 c5 2. d4 cxd4 3. c3 dxc3 4. Nxc3 e6 5. Nf3 Bb4 6. Bc4 Nc6 7. O-O a6 8. Qe2 d6 9. Rd1 Qc7 10. Bf4 e5 11. Nd5 Qb8 12. Be3 Bc5 13. Bxc5 dxc5 14. Nb6 Ra7 15. Ng5 Nh6 16. Nf3 Nd4 17. Nxd4 cxd4 18. Rac1 Bg4 19. f3 Be6 20. Bxe6 fxe6 21. Rc8+ Qxc8 22. Nxc8 Ra8 23. Qc4 O-O 24. Qxe6+ Kh8 25. Nd6 Rf6 26. Qxe5 Raf8 27. Qxd4 Ng8 28. e5 Rg6 29. Qc4 h6 30. Nf7+ Kh7 31. e6 1-0

[Event "Ste Foy Polgar"]
[Site "Ste Foy CAN"]
[Date "2017.05.13"]
[Round "1"]
[White "Genest, Dominic"]
[Black "Poliquin, Yvone"]
[Result "0-1"]
[WhiteElo "1706"]
[BlackElo "1960"]
[WhiteFideId "-1"]
[WhiteFideId "-1"]
[PlyCount "68"]
[GameId "2160767908411468"]
[EventDate "2017.05.13"]
[EventType "swiss"]
[EventRounds "5"]
[EventCountry "CAN"]
[SourceTitle "EXT 2022"]
[Source "ChessBase"]
[SourceDate "2021.10.06"]
[SourceVersion "1"]
[SourceVersionDate "2021.10.06"]
[SourceQuality "1"]

1. c4 e6 2. g3 f5 3. Bg2 Nf6 4. Nf3 d6 5. Nc3 e5 6. d3 Be7 7. Rb1 O-O 8. b4 Qe8 9. Nh4 Nh5 10. Nd5 Bd8 11. b5 c6 12. bxc6 bxc6 13. Ba3 Be6 14. Bxd6 cxd5 15. cxd5 Bd7 16. Bxf8 Kxf8 17. e4 Bxh4 18. Bf3 Bd8 19. Bxh5 Ba5+ 20. Kf1 g6 21. Qc1 Bb6 22. Qa3+ Qe7 23. d6 Qd8 24. Bf3 Nc6 25. exf5 Nd4 26. Bxa8 Qxa8 27. Rg1 Qf3 28. Rxb6 axb6 29. g4 Qe2+ 30. Kg2 Qxg4+ 31. Kf1 Qe2+ 32. Kg2 Bc6+ 33. Kh3 Qh5+ 34. Kg3 Ne2# 0-1

[Event "Ste Foy Polgar"]
[Site "Ste Foy CAN"]
[Date "2017.05.13"]
[Round "1"]
[White "Tremblay, Charles"]
[Black "Skakni, Ismael"]
[Result "0-1"]
[WhiteElo "1663"]
[BlackElo "1824"]
[WhiteFideId "-1"]
[WhiteFideId "-1"]
[PlyCount "58"]
[GameId "2160767908411469"]
[EventDate "2017.05.13"]
[EventType "swiss"]
[EventRounds "5"]
[EventCountry "CAN"]
[SourceTitle "EXT 2022"]
[Source "ChessBase"]
[SourceDate "2021.10.06"]
[SourceVersion "1"]
[SourceVersionDate "2021.10.06"]
[SourceQuality "1"]

1. c4 Nf6 2. Nc3 c6 3. Nf3 d5 4. d4 e6 5. e3 Nbd7 6. Bd3 Be7 7. O-O O-O 8. b3 b6 9. Bb2 Bb7 10. Rc1 a6 11. Qe2 c5 12. Rfd1 Qb8 13. Ne5 Rd8 14. Na4 dxc4 15. bxc4 Qc7 16. Ng4 Qc6 17. d5 exd5 18. Nc3 dxc4 19. Be4 Nxe4 20. Nh6+ Qxh6 21. Qg4 Ndf6 22. Qf3 Nxc3 23. Rxd8+ Rxd8 24. Qxb7 Ne2+ 25. Kf1 Nxc1 26. Bxc1 Rd1+ 27. Ke2 Rxc1 28. Qxe7 Qh5+ 29. f3 Qd5 0-1

[Event "Ste Foy Polgar"]
[Site "Ste Foy CAN"]
[Date "2017.05.20"]
[Round "2"]
[White "Chabot, Michelin"]
[Black "Gaudreau, Eric"]
[Result "0-1"]
[WhiteElo "1674"]
[BlackElo "1726"]
[WhiteFideId "-1"]
[WhiteFideId "-1"]
[PlyCount "27"]
[GameId "2160767908411470"]
[EventDate "2017.05.13"]
[EventType "swiss"]
[EventRounds "5"]
[EventCountry "CAN"]
[SourceTitle "EXT 2022"]
[Source "ChessBase"]
[SourceDate "2021.10.06"]
[SourceVersion "1"]
[SourceVersionDate "2021.10.06"]
[SourceQuality "1"]

1. e4 e6 2. d4 d5 3. exd5 exd5 4. Nc3 c6 5. Bd2 Bd6 6. h3 Bf5 7. Nf3 Nd7 8. Be2 Ngf6 9. O-O O-O 10. Re1 Re8 11. Bf1 Qc7 12. Nh4 Be4 13. Nxe4 Nxe4 14. Nf5 0-1

[Event "Ste Foy Polgar"]
[Site "Ste Foy CAN"]
[Date "2017.05.20"]
[Round "2"]
[White "Poliquin, Yvone"]
[Black "Doyon, Stephane"]
[Result "1-0"]
[WhiteElo "1960"]
[BlackElo "1825"]
[WhiteFideId "-1"]
[WhiteFideId "-1"]
[PlyCount "125"]
[GameId "2160767908411471"]
[EventDate "2017.05.13"]
[EventType "swiss"]
[EventRounds "5"]
[EventCountry "CAN"]
[SourceTitle "EXT 2022"]
[Source "ChessBase"]
[SourceDate "2021.10.06"]
[SourceVersion "1"]
[SourceVersionDate "2021.10.06"]
[SourceQuality "1"]

1. e4 c6 2. d4 d5 3. e5 Bf5 4. Nc3 Qb6 5. Bd3 Bxd3 6. Qxd3 e6 7. Be3 Ne7 8. f4 Qa6 9. Qxa6 Nxa6 10. Nge2 Nf5 11. Bf2 c5 12. O-O-O cxd4 13. Nxd4 Nxd4 14. Bxd4 Be7 15. Nb5 O-O 16. c3 Nc5 17. Bxc5 Bxc5 18. Kb1 a6 19. Nd4 Bxd4 20. Rxd4 Rac8 21. Rhd1 h6 22. R1d3 Rc7 23. Kc2 Rfc8 24. Kd2 Kf8 25. g4 Rc4 26. h4 Rxd4 27. Rxd4 Ke7 28. Rb4 Rc7 29. h5 f6 30. Rb6 fxe5 31. fxe5 Kf7 32. Kd3 Ke7 33. Ke3 Kf7 34. Kf3 Re7 35. a4 g6 36. Ke3 gxh5 37. gxh5 Ke8 38. Kd4 Kd8 39. Rd6+ Kc7 40. a5 Re8 41. b3 Re7 42. b4 Re8 43. Kc5 Re7 44. b5 axb5 45. Kxb5 Re8 46. Rb6 Re7 47. Kc5 Re8 48. a6 bxa6 49. Rxa6 Kb7 50. Rc6 Re7 51. Kd6 Rg7 52. Rc5 Kb6 53. Rc8 Rg5 54. Kxe6 Rxh5 55. Kxd5 Kb7 56. Rc4 Rh1 57. e6 Rd1+ 58. Ke5 Re1+ 59. Kf6 Rf1+ 60. Ke7 h5 61. Kd7 Rf8 62. Rb4+ Ka7 63. e7 1-0

[Event "Ste Foy Polgar"]
[Site "Ste Foy CAN"]
[Date "2017.05.27"]
[Round "3"]
[White "Gaudreau, Eric"]
[Black "Poliquin, Yvone"]
[Result "1/2-1/2"]
[WhiteElo "1726"]
[BlackElo "1960"]
[WhiteFideId "-1"]
[WhiteFideId "-1"]
[PlyCount "22"]
[GameId "2160767908411472"]
[EventDate "2017.05.13"]
[EventType "swiss"]
[EventRounds "5"]
[EventCountry "CAN"]
[SourceTitle "EXT 2022"]
[Source "ChessBase"]
[SourceDate "2021.10.06"]
[SourceVersion "1"]
[SourceVersionDate "2021.10.06"]
[SourceQuality "1"]

1. e4 e5 2. Nf3 Nf6 3. d4 Nxe4 4. Bd3 d5 5. Nxe5 Nf6 6. O-O Be7 7. Re1 h6 8. Nd2 O-O 9. Ndf3 Be6 10. Qe2 Re8 11. c3 Bf8 1/2-1/2

[Event "Ste Foy Polgar"]
[Site "Ste Foy CAN"]
[Date "2017.05.27"]
[Round "3"]
[White "Labrecque, Rejean"]
[Black "Doyon, Stephane"]
[Result "1/2-1/2"]
[WhiteElo "1626"]
[BlackElo "1825"]
[WhiteFideId "-1"]
[WhiteFideId "-1"]
[PlyCount "149"]
[GameId "2160767908411473"]
[EventDate "2017.05.13"]
[EventType "swiss"]
[EventRounds "5"]
[EventCountry "CAN"]
[SourceTitle "EXT 2022"]
[Source "ChessBase"]
[SourceDate "2021.10.06"]
[SourceVersion "1"]
[SourceVersionDate "2021.10.06"]
[SourceQuality "1"]

1. e4 e6 2. d4 d5 3. Nd2 c5 4. c3 cxd4 5. cxd4 Bb4 6. Qa4+ Nc6 7. Bb5 Bd7 8. exd5 exd5 9. Bxc6 Bxd2+ 10. Bxd2 Qe7+ 11. Be3 Bxc6 12. Qb3 Nf6 13. Nf3 O-O 14. O-O Ne4 15. Ne5 f6 16. Nf3 Rfe8 17. Rfe1 Qd6 18. Nd2 f5 19. Nxe4 fxe4 20. Bg5 Re6 21. Bh4 Rf8 22. Bg3 Qe7 23. Re3 Qf7 24. Rf1 Rf6 25. Qc2 Bb5 26. Rc1 Bd3 27. Qd2 Rc6 28. Rxc6 bxc6 29. Be5 Qb7 30. Rg3 g6 31. Qh6 Qf7 32. f4 c5 33. f5 e3 34. Rxe3 Bxf5 35. Rf3 Qe7 36. g4 Bxg4 37. Rxf8+ Qxf8 38. Qg5 Be2 39. Bf6 Bf3 40. Be7 Qf7 41. Bxc5 Be4 42. Bd6 h5 43. Qd8+ Kh7 44. Be5 Kh6 45. h4 g5 46. hxg5+ Kg6 47. Bf6 Kf5 48. Qc8+ Kg6 49. Kh2 Bf5 50. Qc6 Bd7 51. Qa6 Qe6 52. Qd3+ Qe4 53. Qxe4+ dxe4 54. Kg3 Kf5 55. Kf2 h4 56. b4 h3 57. Kg3 e3 58. d5 e2 59. Bc3 Kxg5 60. Be1 Kf6 61. Kf3 Bb5 62. Kg3 Ke5 63. Kxh3 Kxd5 64. Kg3 Kd4 65. Kf2 Kd3 66. a3 Ba4 67. Kf3 a6 68. Kf2 Bd1 69. Kf3 Ba4 70. Kf2 Bc6 71. b5 Bxb5 72. Bb4 Kc2 73. Ke1 Kb3 74. Bf8 a5 75. Be7 1/2-1/2

[Event "Ste Foy Polgar"]
[Site "Ste Foy CAN"]
[Date "2017.06.03"]
[Round "4"]
[White "Doyon, Stephane"]
[Black "Gaudreau, Eric"]
[Result "1/2-1/2"]
[WhiteElo "1825"]
[BlackElo "1726"]
[WhiteFideId "-1"]
[WhiteFideId "-1"]
[PlyCount "66"]
[GameId "2160767908411474"]
[EventDate "2017.05.13"]
[EventType "swiss"]
[EventRounds "5"]
[EventCountry "CAN"]
[SourceTitle "EXT 2022"]
[Source "ChessBase"]
[SourceDate "2021.10.06"]
[SourceVersion "1"]
[SourceVersionDate "2021.10.06"]
[SourceQuality "1"]

1. e4 d6 2. d4 Nf6 3. Nc3 e5 4. dxe5 dxe5 5. Bd3 Be7 6. Nge2 Be6 7. O-O c6 8. Bg5 Nbd7 9. Ng3 Nc5 10. Bxf6 Bxf6 11. Nh5 Nxd3 12. Nxf6+ Qxf6 13. Qxd3 Rd8 14. Qe3 b6 15. Rfd1 O-O 16. Rd2 Rxd2 17. Qxd2 Rd8 18. Qe2 Rd4 19. Rd1 Bc4 20. Qe1 Qd6 21. b3 Ba6 22. h3 h6 23. Rxd4 Qxd4 24. Kh2 g6 25. f3 b5 26. Ne2 Qe3 27. Qd1 b4 28. Ng1 Qf2 29. Qd8+ Kg7 30. Qd6 Qxc2 31. Qxe5+ Kg8 32. Qe8+ Kg7 33. Qe5+ Kg8 1/2-1/2

[Event "Ste Foy Polgar"]
[Site "Ste Foy CAN"]
[Date "2017.06.03"]
[Round "4"]
[White "Poliquin, Yvone"]
[Black "Labrecque, Rejean"]
[Result "1-0"]
[WhiteElo "1960"]
[BlackElo "1626"]
[WhiteFideId "-1"]
[WhiteFideId "-1"]
[PlyCount "95"]
[GameId "2160767908411475"]
[EventDate "2017.05.13"]
[EventType "swiss"]
[EventRounds "5"]
[EventCountry "CAN"]
[SourceTitle "EXT 2022"]
[Source "ChessBase"]
[SourceDate "2021.10.06"]
[SourceVersion "1"]
[SourceVersionDate "2021.10.06"]
[SourceQuality "1"]

1. e4 e6 2. d4 d5 3. e5 c5 4. Nf3 Qb6 5. Bd3 cxd4 6. O-O Nc6 7. Nbd2 Bc5 8. Nb3 Bd7 9. Nxc5 Qxc5 10. a3 Nge7 11. b4 Qb6 12. Bf4 Ng6 13. Bg3 O-O 14. Ng5 h6 15. Nxf7 Kxf7 16. Qh5 Nce7 17. f4 Nf5 18. Bf2 Be8 19. g4 Kg8 20. gxf5 Nxf4 21. Qh4 Nxd3 22. cxd3 exf5 23. Bxd4 Qe6 24. Qg3 Qg6 25. Rac1 Qxg3+ 26. hxg3 Bb5 27. e6 Bxd3 28. Rc7 Bxf1 29. Rxg7+ Kh8 30. Rxb7+ Kg8 31. Rg7+ Kh8 32. Rxa7+ Kg8 33. Rg7+ Kh8 34. Kxf1 Rfe8 35. b5 Rac8 36. b6 Rc1+ 37. Kf2 Rd1 38. Re7+ Rxd4 39. Rxe8+ Kg7 40. b7 Rd2+ 41. Ke3 Rb2 42. b8=Q Rxb8 43. Rxb8 Kf6 44. Rb6 h5 45. Kd4 f4 46. gxf4 h4 47. Kxd5 h3 48. Rb2 1-0

[Event "Ste Foy Polgar"]
[Site "Ste Foy CAN"]
[Date "2017.06.10"]
[Round "5"]
[White "Gaudreau, Eric"]
[Black "Leblanc-Legault, Mathieu"]
[Result "1/2-1/2"]
[WhiteElo "1726"]
[BlackElo "1724"]
[WhiteFideId "-1"]
[WhiteFideId "-1"]
[PlyCount "71"]
[GameId "2160767908411476"]
[EventDate "2017.05.13"]
[EventType "swiss"]
[EventRounds "5"]
[EventCountry "CAN"]
[SourceTitle "EXT 2022"]
[Source "ChessBase"]
[SourceDate "2021.10.06"]
[SourceVersion "1"]
[SourceVersionDate "2021.10.06"]
[SourceQuality "1"]

1. d4 c6 2. c4 d5 3. Nc3 Nf6 4. cxd5 cxd5 5. Bf4 a6 6. Nf3 Nc6 7. e3 Bf5 8. Bd3 Bxd3 9. Qxd3 e6 10. O-O Bd6 11. Bxd6 Qxd6 12. a3 O-O 13. b4 Rac8 14. Rac1 h6 15. Na4 Nd7 16. Nc5 Rb8 17. Rc3 Na7 18. Nxd7 Qxd7 19. Ne5 Qb5 20. Qb1 Rfc8 21. Rfc1 Rxc3 22. Rxc3 Nc6 23. Nxc6 bxc6 24. Qc2 Rc8 25. Rc5 Qb6 26. h3 f5 27. Qc3 Kf7 28. Ra5 Rb8 29. Rc5 Rc8 30. Qc2 g6 31. Qe2 Ra8 32. Ra5 Qb7 33. Qf3 Qc7 34. Qe2 Qb7 35. Qf3 Qc7 36. Qe2 1/2-1/2

[Event "Ste Foy Tal"]
[Site "Ste Foy CAN"]
[Date "2017.11.25"]
[Round "1"]
[White "Fecteau, Martin"]
[Black "Labrecque, Rejean"]
[Result "1/2-1/2"]
[WhiteElo "1958"]
[BlackElo "1637"]
[WhiteFideId "-1"]
[WhiteFideId "-1"]
[PlyCount "108"]
[GameId "2160767908300573"]
[EventDate "2017.11.25"]
[EventType "swiss"]
[EventRounds "5"]
[EventCountry "CAN"]
[SourceTitle "EXT 2022"]
[Source "ChessBase"]
[SourceDate "2021.10.06"]
[SourceVersion "1"]
[SourceVersionDate "2021.10.06"]
[SourceQuality "1"]

1. Nf3 d5 2. d4 Nf6 3. c4 c6 4. g3 e6 5. Bg2 Bd6 6. b3 Nbd7 7. Bb2 O-O 8. O-O Ne4 9. Nbd2 f5 10. Ne5 Nxe5 11. dxe5 Bc5 12. e3 Bd7 13. Qc2 Qb6 14. Nf3 Be7 15. Rad1 Rac8 16. Bd4 Qd8 17. Nd2 b6 18. f3 Ng5 19. h4 Nf7 20. Rfe1 g5 21. hxg5 Nxg5 22. f4 Ne4 23. Nxe4 dxe4 24. Kf2 c5 25. Bc3 Qe8 26. Rh1 Bc6 27. Qe2 Rd8 28. Rxd8 Bxd8 29. g4 Rf7 30. gxf5 exf5 31. Bh3 Qe6 32. Qh5 Bd7 33. Rd1 Be7 34. Kg2 Kf8 35. Kh2 Be8 36. Be1 Qg6 37. Qxg6 hxg6 38. Bf1 Rh7+ 39. Kg1 g5 40. Rd2 g4 41. Rh2 Kg7 42. Bc3 Rxh2 43. Kxh2 Bh4 44. Kg2 Kf7 45. b4 Ke6 46. b5 Ke7 47. Be2 Bf7 48. a4 Be6 49. a5 bxa5 50. Bxa5 Kd7 51. b6 axb6 52. Bxb6 Kc6 53. Ba5 Kb7 54. Kf1 Be7 1/2-1/2

[Event "Ste Foy Tal"]
[Site "Ste Foy CAN"]
[Date "2017.11.25"]
[Round "1"]
[White "Jean, Martin"]
[Black "Bernatchez, Dan"]
[Result "1-0"]
[WhiteElo "1588"]
[BlackElo "1924"]
[WhiteFideId "-1"]
[WhiteFideId "-1"]
[PlyCount "115"]
[GameId "2160767908300574"]
[EventDate "2017.11.25"]
[EventType "swiss"]
[EventRounds "5"]
[EventCountry "CAN"]
[SourceTitle "EXT 2022"]
[Source "ChessBase"]
[SourceDate "2021.10.06"]
[SourceVersion "1"]
[SourceVersionDate "2021.10.06"]
[SourceQuality "1"]

1. c4 c5 2. Nc3 Nf6 3. g3 d5 4. cxd5 Nxd5 5. Bg2 Nc7 6. Nf3 Nc6 7. d3 e5 8. O-O f6 9. Nd2 Be6 10. Nde4 Qd7 11. f4 exf4 12. Bxf4 Nd5 13. Nxd5 Bxd5 14. Rc1 b6 15. Be3 Be7 16. Qa4 Rd8 17. b3 O-O 18. Nc3 Bxg2 19. Kxg2 Rfe8 20. Bf4 Bd6 21. Bxd6 Qxd6 22. Rf5 Qe6 23. Qc4 Nd4 24. Rf2 Qxc4 25. bxc4 Re3 26. Rb1 Rde8 27. Rb2 f5 28. Kf1 g6 29. Nd5 R3e6 30. Nc7 R8e7 31. Nxe6 Rxe6 32. Ke1 h5 33. Kd2 Kg7 34. e3 Nc6 35. Re2 Kf6 36. Kc3 Rd6 37. Rbd2 Ke5 38. d4+ Ke4 39. dxc5 Rxd2 40. Rxd2 bxc5 41. Rd5 Nb4 42. Rxc5 Nxa2+ 43. Kd2 Nb4 44. Ra5 Nc6 45. Ra6 Ne5 46. c5 Kd5 47. Rxa7 Kxc5 48. Ke2 Kd5 49. h4 Ke4 50. Ra4+ Kd5 51. Rd4+ Kc5 52. Rd1 Nc6 53. Kf3 Ne5+ 54. Kf4 Nc6 55. Rc1+ Kd5 56. Rxc6 Kxc6 57. Kg5 Kd5 58. Kxg6 1-0

[Event "Ste Foy Tal"]
[Site "Ste Foy CAN"]
[Date "2017.11.25"]
[Round "1"]
[White "Sauve, Richard"]
[Black "Chabot, Michelin"]
[Result "1-0"]
[WhiteElo "1904"]
[BlackElo "1534"]
[WhiteFideId "-1"]
[WhiteFideId "-1"]
[PlyCount "113"]
[GameId "2160767908300576"]
[EventDate "2017.11.25"]
[EventType "swiss"]
[EventRounds "5"]
[EventCountry "CAN"]
[SourceTitle "EXT 2022"]
[Source "ChessBase"]
[SourceDate "2021.10.06"]
[SourceVersion "1"]
[SourceVersionDate "2021.10.06"]
[SourceQuality "1"]

1. d4 d5 2. c4 c6 3. e3 Nf6 4. Nc3 Bf5 5. Nf3 e6 6. Qb3 Qb6 7. c5 Qxb3 8. axb3 h6 9. Be2 Be7 10. O-O O-O 11. Bd2 Nbd7 12. b4 a6 13. h3 Ne4 14. Rfd1 Nxd2 15. Rxd2 Nf6 16. Ne5 Rad8 17. b3 Ne4 18. Nxe4 Bxe4 19. Rda2 f6 20. Nf3 Kf7 21. Rd1 Rd7 22. Rad2 Bd8 23. Ne1 Bg6 24. Nd3 Bc7 25. Nb2 f5 26. Nd3 Kf6 27. f4 Bh7 28. Ra2 g5 29. Kh1 Rg7 30. Rg1 Bg8 31. g3 Bf7 32. Raa1 Rfg8 33. Raf1 Ke7 34. Ne5 Bxe5 35. fxe5 Bg6 36. Bd3 Rf7 37. Kg2 h5 38. Rf2 Bh7 39. Rgf1 Rgg7 40. g4 hxg4 41. hxg4 f4 42. Bxh7 Rxh7 43. exf4 Rh4 44. Kg3 Rhh7 45. fxg5 Rfg7 46. Rf8 Rxg5 47. Rb8 Rhg7 48. Rxb7+ Ke8 49. Rxg7 Rxg7 50. Ra1 Ra7 51. Rh1 Rf7 52. Rh8+ Rf8 53. Rxf8+ Kxf8 54. Kf4 Kf7 55. Kg5 Kg7 56. Kh5 Kh7 57. g5 1-0